[Event "Rated Blitz game"]
[Site "?"]
[Date "2021.04.30"]
[Round "?"]
[White "lemra64"]
[Black "pasha1984"]
[Result "0-1"]
[WhiteElo "2410"]
[BlackElo "2444"]
[PlyCount "154"]
[EventDate "2021.??.??"]
[EventType "blitz"]

1. e4 e5 2. Nf3 d5 3. Nxe5 dxe4 4. d4 Bd6 5. Nc4 Nc6 6. Nxd6+ Qxd6 7. c3 Qg6 8.
Qb3 Nge7 9. Be3 O-O 10. Nd2 b6 11. O-O-O a5 12. Bb5 Be6 13. c4 Nb4 14. d5 Bg4
15. Rdg1 Be2 16. a3 Nd3+ 17. Kb1 Nf5 18. g4 Nxe3 19. fxe3 Qg5 20. Rg3 Qe5 21.
Qc3 Qxc3 22. bxc3 Nc5 23. h4 h6 24. Rh2 Bd3+ 25. Kb2 a4 26. Rf2 Rad8 27. Rf5
Rd6 28. g5 hxg5 29. Rfxg5 g6 30. h5 Kg7 31. hxg6 Rxg6 32. Bc6 Rh8 33. Rxg6+
fxg6 34. Rg2 Rh3 35. Be8 Rxe3 36. Bxg6 Kf6 37. Bh7 Rh3 38. Bg8 e3 39. Nb1 Bxc4
40. d6 Bxg8 41. Rxg8 Nd3+ 42. Kc2 Ne1+ 43. Kd1 cxd6 44. Kxe1 Rh1+ 45. Ke2 Rxb1
46. Kxe3 Rb3 47. Kd4 Rxa3 48. Rb8 Rb3 49. Kc4 b5+ 50. Kd3 Ke5 51. Rb6 Kd5 52.
Ra6 b4 53. Rxa4 Rxc3+ 54. Kd2 Rc4 55. Ra5+ Kd4 56. Ra6 d5 57. Ra5 b3 58. Ra3
Rc2+ 59. Kd1 Rb2 60. Ra1 Ra2 61. Kc1 Rxa1+ 62. Kb2 Ra2+ 63. Kxb3 Re2 64. Kb4
Re3 65. Kb5 Kd3 66. Kc6 d4 67. Kd6 Re4 68. Kc6 Re3 69. Kd6 Re2 70. Kc7 Rc2+ 71.
Kd7 Kd2 72. Kd8 d3 73. Kd7 Rc3 74. Kd8 Ke3 75. Kd7 Kd4 76. Kd8 d2 77. Kd7 d1=Q
{Time forfeit} 0-1

[Event "Rated Blitz tournament Eehjnjuk"]
[Site "?"]
[Date "2021.04.30"]
[Round "?"]
[White "Bedod2021"]
[Black "om_gendut"]
[Result "0-1"]
[WhiteElo "2238"]
[BlackElo "2455"]
[PlyCount "110"]
[EventDate "2021.??.??"]
[EventType "blitz"]

1. e4 e5 2. Nf3 d5 3. Nxe5 Bd6 4. d4 dxe4 5. Nc4 Be7 6. Ne3 Nf6 7. Nc3 O-O 8.
h3 Nc6 9. d5 Ne5 10. Nc4 Nxc4 11. Bxc4 h6 12. Be3 Bd6 13. Qe2 Bf5 14. g4 Bg6
15. h4 h5 16. O-O-O Nxg4 17. Kb1 a6 18. Bg5 Qd7 19. f3 exf3 20. Qxf3 Ne5 21.
Qf1 Nxc4 22. Qxc4 b5 23. Qd4 Rfe8 24. Rde1 Qf5 25. Qd2 Rab8 26. Rhf1 Qd7 27.
Ne2 Be5 28. Nf4 Bxf4 29. Bxf4 Rbd8 30. Bg5 Rxe1+ 31. Rxe1 Re8 32. Rxe8+ Qxe8
33. Bf4 Qd7 34. Be5 Kh7 35. a3 Qe7 36. Qf4 Qd7 37. Qd4 f6 38. Bf4 Bf7 39. Qe4+
Kg8 40. d6 cxd6 41. Qa8+ Kh7 42. Qxa6 d5 43. Qd6 Qf5 44. Bc1 Qe4 45. Qh2 b4 46.
axb4 Qxb4 47. Qe2 Bg6 48. Qd2 Qc4 49. Qc3 Qxh4 50. b4 d4 51. Qd2 Qe4 52. b5 Qd5
53. Qb4 d3 54. c4 d2+ 55. Ka1 Qd4+ {Time forfeit} 0-1

[Event "Rated Blitz game"]
[Site "?"]
[Date "2021.04.30"]
[Round "?"]
[White "feuervogel1"]
[Black "jsequera"]
[Result "1/2-1/2"]
[WhiteElo "2334"]
[BlackElo "2454"]
[PlyCount "155"]
[EventDate "2021.??.??"]
[EventType "blitz"]

1. e4 e5 2. Nf3 d5 3. Nxe5 Bd6 4. d4 dxe4 5. Nc4 Nc6 6. d5 Ne5 7. Nc3 Bf5 8.
Be3 Nxc4 9. Bxc4 Nf6 10. h3 O-O 11. O-O Qe7 12. Qd4 Rad8 13. Bg5 Be5 14. Qxa7
h6 15. Be3 Bd6 16. Nb5 b6 17. Nxd6 Qxd6 18. Qa4 Nxd5 19. Rad1 Qe5 20. Qb5 Be6
21. Bd4 Qg5 22. Rfe1 c5 23. Bxd5 cxd4 24. Bc4 Bxc4 25. Qxc4 Qe5 26. c3 dxc3 27.
bxc3 Rxd1 28. Rxd1 e3 29. fxe3 Qxe3+ 30. Kh1 Qf2 31. Qd4 Qxa2 32. Qxb6 Qc2 33.
Qd4 Re8 34. Rd2 Re1+ 35. Kh2 Qc1 36. Qd8+ Kh7 37. Qd3+ g6 38. Rf2 Rh1+ 39. Kg3
Qe1 40. Qd5 Qxc3+ 41. Rf3 Qe1+ 42. Rf2 Qe3+ 43. Rf3 Qg5+ 44. Qxg5 hxg5 45.
Rxf7+ Kh6 46. Kg4 Rg1 47. g3 Ra1 48. h4 Ra4+ 49. Kf3 gxh4 50. gxh4 Rxh4 51. Kg3
Ra4 52. Rd7 Kh5 53. Rd5+ g5 54. Rd3 Rg4+ 55. Kh3 Rf4 56. Kg3 Rf5 57. Ra3 g4 58.
Re3 Kg5 59. Re4 Rf3+ 60. Kg2 Kh4 61. Rc4 Ra3 62. Rc8 Ra2+ 63. Kg1 Kh3 64. Rc3+
g3 65. Rc1 Rf2 66. Rc8 Rg2+ 67. Kh1 Rh2+ 68. Kg1 Ra2 69. Rh8+ Kg4 70. Rg8+ Kf3
71. Rf8+ Ke3 72. Re8+ Kf4 73. Rf8+ Ke5 74. Re8+ Kf5 75. Rf8+ Kg4 76. Rg8+ Kf3
77. Rf8+ Kg4 78. Rg8+ {Normal} 1/2-1/2

[Event "Rated Blitz game"]
[Site "?"]
[Date "2021.04.30"]
[Round "?"]
[White "urbas"]
[Black "annaly1979"]
[Result "1-0"]
[WhiteElo "2473"]
[BlackElo "2453"]
[PlyCount "65"]
[EventDate "2021.??.??"]
[EventType "blitz"]

1. e4 e5 2. Nf3 d5 3. exd5 e4 4. Ng1 f5 5. c4 Nf6 6. Nc3 Bd6 7. d4 b6 8. Bg5
O-O 9. Bxf6 Qxf6 10. Qb3 Kh8 11. O-O-O a5 12. Nb5 Bd7 13. Nxd6 cxd6 14. Qxb6
Na6 15. c5 Qg5+ 16. Kb1 Nb4 17. Qxd6 Ba4 18. b3 Rad8 19. Qg3 Qh5 20. Be2 Qf7
21. bxa4 Qxd5 22. Qb3 Qa8 23. Bc4 Rb8 24. Bb5 Nd3 25. Nh3 Rfd8 26. Ng5 g6 27.
Nf7+ Kg7 28. Nxd8 Rxd8 29. d5 Rxd5 30. c6 Rd4 31. Qc3 Qd8 32. Bxd3 exd3 33.
Rxd3 {Normal} 1-0

[Event "Rated Rapid game"]
[Site "?"]
[Date "2021.04.30"]
[Round "?"]
[White "Vilde2012"]
[Black "kamran20"]
[Result "1/2-1/2"]
[WhiteElo "2453"]
[BlackElo "2285"]
[PlyCount "123"]
[EventDate "2021.??.??"]
[EventType "rapid"]

1. e4 e5 2. Nf3 d5 3. exd5 e4 4. Qe2 f5 5. d3 Nf6 6. dxe4 fxe4 7. Nbd2 Qxd5 8.
c3 Be7 9. Nd4 O-O 10. Qc4 c6 11. Qb3 Qxb3 12. axb3 Bc5 13. Bc4+ Kh8 14. b4 Bxd4
15. cxd4 b5 16. Ba2 Na6 17. O-O Nxb4 18. Bb3 Bf5 19. h3 h6 20. Rd1 Rfd8 21. Nf1
Nd3 22. Ne3 Bg6 23. Ra6 Nb4 24. Ra5 a6 25. Bd2 Nd3 26. Bc3 b4 27. Bd2 Rxd4 28.
Ra2 c5 29. Bc4 a5 30. b3 Ne5 31. Rda1 h5 32. Be1 a4 33. Rxa4 Rxa4 34. Rxa4 Nxc4
35. Nxc4 Bf7 36. Nd2 Rd3 37. Ra5 e3 38. fxe3 Rxe3 39. Kf2 Rc3 40. Ke2 Rc2 41.
Kd1 Rc3 42. Ke2 Bg6 43. Bf2 Rc2 44. Rxc5 Rxd2+ 45. Kxd2 Ne4+ 46. Ke1 Nxc5 47.
Bxc5 Bc2 48. Bxb4 Bxb3 49. h4 Bd5 50. g3 Kh7 51. Kf2 Kg6 52. Ke3 Kf5 53. Bd6 g5
54. hxg5 Kxg5 55. Bf4+ Kf5 56. Kd4 Bf3 57. Ke3 Bg4 58. Kf2 Ke4 59. Bc7 Kf5 60.
Bf4 Ke4 61. Bc7 Kf5 62. Bf4 {Normal} 1/2-1/2

[Event "Rated Blitz game"]
[Site "?"]
[Date "2021.04.30"]
[Round "?"]
[White "tacticsforever2800"]
[Black "anjaya01"]
[Result "1-0"]
[WhiteElo "2417"]
[BlackElo "2429"]
[PlyCount "97"]
[EventDate "2021.??.??"]
[EventType "blitz"]

1. e4 e5 2. Nf3 d5 3. exd5 Bd6 4. Nc3 f5 5. d4 e4 6. Ne5 Nf6 7. Bc4 O-O 8. O-O
a6 9. a4 Bd7 10. f4 Be8 11. Bb3 Kh8 12. Be3 Nbd7 13. a5 Bh5 14. Qe1 Ng4 15. h3
Nxe3 16. Qxe3 Nf6 17. Na4 Bxe5 18. dxe5 Nxd5 19. Qc5 c6 20. Rad1 Bxd1 21. Rxd1
Qh4 22. Bxd5 cxd5 23. Qf2 Qxf2+ 24. Kxf2 Rac8 25. c3 Rfd8 26. Ke3 Kg8 27. Nb6
Rc5 28. Kd4 Rxa5 29. b4 Ra2 30. Nxd5 Rxg2 31. e6 Re8 32. Ke5 Rg6 33. Ne7+ Kf8
34. Nxg6+ hxg6 35. Rg1 e3 36. Re1 Ke7 37. Rxe3 Rc8 38. Rg3 Rc4 39. Rxg6 Re4+
40. Kxf5 Re3 41. Rxg7+ Kf8 42. Rxb7 Rxc3 43. e7+ Kf7 44. h4 Rh3 45. Kg4 Rc3 46.
h5 Rc6 47. Kg5 Rf6 48. f5 Rb6 49. Rxb6 {Normal} 1-0

[Event "Rated Blitz game"]
[Site "?"]
[Date "2021.04.30"]
[Round "?"]
[White "Verandering"]
[Black "blastol"]
[Result "0-1"]
[WhiteElo "2475"]
[BlackElo "2404"]
[PlyCount "34"]
[EventDate "2021.??.??"]
[EventType "blitz"]

1. e4 e5 2. Nf3 d5 3. exd5 Bd6 4. c4 e4 5. Nd4 Qe7 6. Nc3 Nf6 7. Be2 a6 8. Nc2
O-O 9. Ne3 Nbd7 10. h3 Ne5 11. d4 exd3 12. Bxd3 Nfd7 13. Be2 Nc5 14. O-O a5 15.
b3 Qf6 16. Bb2 Qg6 17. Kh2 Nxc4+ {Time forfeit} 0-1

[Event "Rated Blitz game"]
[Site "?"]
[Date "2021.04.30"]
[Round "?"]
[White "mandarria"]
[Black "Gifroy"]
[Result "1-0"]
[WhiteElo "2408"]
[BlackElo "2372"]
[PlyCount "51"]
[EventDate "2021.??.??"]
[EventType "blitz"]

1. e4 e5 2. Nf3 d5 3. exd5 e4 4. Qe2 Nf6 5. d3 Be7 6. dxe4 O-O 7. Nc3 Re8 8.
Bg5 Nxe4 9. Nxe4 Bxg5 10. Nfxg5 f5 11. Qh5 h6 12. Qf7+ Kh8 13. h4 fxe4 14. Qg6
Kg8 15. Qh7+ Kf8 16. Qh8+ Ke7 17. Qxg7+ Kd6 18. Qxh6+ Kc5 19. O-O-O Bg4 20. f3
exf3 21. gxf3 Bf5 22. Bd3 Bxd3 23. Rxd3 c6 24. dxc6 Qe7 25. Rc3+ Kb5 26. cxb7 {
Normal} 1-0

[Event "Rated Blitz game"]
[Site "?"]
[Date "2021.04.30"]
[Round "?"]
[White "hochjoch"]
[Black "Maltinho"]
[Result "1/2-1/2"]
[WhiteElo "2384"]
[BlackElo "2539"]
[PlyCount "123"]
[EventDate "2021.??.??"]
[EventType "blitz"]

1. e4 e5 2. Nf3 d5 3. exd5 Bd6 4. Nc3 Nf6 5. Bb5+ c6 6. dxc6 Nxc6 7. d3 Bg4 8.
Bg5 Qb6 9. a4 a6 10. a5 Qc7 11. Bc4 Bb4 12. h3 Bxf3 13. Qxf3 Nd4 14. Qd1 Bxa5
15. O-O Bxc3 16. bxc3 Ne6 17. Bxe6 fxe6 18. c4 O-O 19. Qe2 Rac8 20. Bxf6 gxf6
21. Qg4+ Kf7 22. f4 Rg8 23. Qh5+ Kg7 24. Rae1 Qc5+ 25. Kh1 exf4 26. Qxc5 Rxc5
27. Rxe6 b5 28. Rxf4 bxc4 29. Rxa6 cxd3 30. Ra7+ Kg6 31. cxd3 h5 32. Ra6 Rf8
33. Kh2 Rd5 34. d4 Kg5 35. Kg3 Kg6 36. Kh4 Rg5 37. g3 Rd5 38. Rb6 Rg5 39. Rd6
Ra5 40. d5 Ra3 41. Rd4 Re8 42. Rf4 Rf8 43. Re6 Rd3 44. d6 Rd5 45. g4 hxg4 46.
hxg4 Kf7 47. Rfe4 Rd8 48. Re7+ Kg6 49. Ra7 Rh8+ 50. Kg3 Rxd6 51. Ree7 Rg8 52.
Kf4 Rd4+ 53. Re4 Rxe4+ 54. Kxe4 Kg5 55. Kf3 Rb8 56. Rg7+ Kh6 57. Rf7 Kg6 58.
Ra7 Rb3+ 59. Kf4 Rb4+ 60. Kf3 Kg5 61. Ra5+ Kg6 62. Kg3 {Normal} 1/2-1/2

[Event "Rated Blitz game"]
[Site "?"]
[Date "2021.04.30"]
[Round "?"]
[White "tacticsforever2800"]
[Black "Roberto_Baggio1978"]
[Result "0-1"]
[WhiteElo "2444"]
[BlackElo "2524"]
[PlyCount "126"]
[EventDate "2021.??.??"]
[EventType "blitz"]

1. e4 e5 2. Nf3 d5 3. exd5 e4 4. Nd4 Qxd5 5. Nb3 Nf6 6. Nc3 Qf5 7. d4 Bb4 8.
Be3 Nd5 9. Bd2 Nxc3 10. bxc3 Bd6 11. Be3 b6 12. Bc4 O-O 13. O-O Nd7 14. Qe2 Nf6
15. h3 Qg6 16. Kh1 c6 17. a4 Nd5 18. Bxd5 cxd5 19. f4 exf3 20. Qxf3 Be6 21. Bf4
Bxf4 22. Qxf4 Qxc2 23. Nd2 Qxc3 24. Nf3 Rac8 25. Rae1 Qc2 26. Ng5 h6 27. Nf3
Qxa4 28. Ne5 b5 29. Rf3 Qc2 30. Rg3 Qf5 31. Qxh6 Qh7 32. Qf6 b4 33. Ree3 b3 34.
Rxb3 Rc1+ 35. Kh2 Re1 36. Rxg7+ Qxg7 37. Rg3 Rh1+ 38. Kxh1 Qxg3 39. Nf3 Qg6 40.
Qh4 f6 41. Qf4 Kg7 42. Nh4 Qg5 43. Qf2 Rh8 44. Nf3 Qc1+ 45. Kh2 Qf4+ 46. Kh1
Rc8 47. Qb2 Rc1+ 48. Ng1 Bf5 49. Qb7+ Kg6 50. Qa8 Rxg1+ 51. Kxg1 Qxd4+ 52. Kh2
Be6 53. Qe8+ Kf5 54. Qh5+ Ke4 55. Qe2+ Kf5 56. g4+ Kg6 57. Qa6 Qe5+ 58. Kg2 d4
59. Qd3+ Kg7 60. Qa6 Bd5+ 61. Kf2 Qe3+ 62. Kf1 d3 63. Qxa7+ Qxa7 {Normal} 0-1

[Event "Rated Blitz tournament pUvK3WI0"]
[Site "?"]
[Date "2021.04.29"]
[Round "?"]
[White "Thoschi"]
[Black "vera6262"]
[Result "1-0"]
[WhiteElo "2433"]
[BlackElo "2418"]
[PlyCount "75"]
[EventDate "2021.??.??"]
[EventType "blitz"]

1. e4 e5 2. Nf3 d5 3. d4 dxe4 4. Nxe5 Nf6 5. Bc4 Be6 6. Bxe6 fxe6 7. O-O Bd6 8.
Nd2 O-O 9. Qe2 c5 10. c3 cxd4 11. cxd4 Nc6 12. Nxc6 bxc6 13. Nxe4 Nxe4 14. Qxe4
Qf6 15. Be3 e5 16. dxe5 Bxe5 17. Rac1 Rac8 18. b3 h6 19. Rc5 Bb8 20. Rfc1 Rfe8
21. Qc4+ Kh7 22. Rxc6 Rxc6 23. Qxc6 Qe5 24. g3 Qb2 25. Qc2+ Qxc2 26. Rxc2 a5
27. Rc4 Bd6 28. Rc6 Bb4 29. Rc7 Rd8 30. Kg2 Kg6 31. Rc2 Kh5 32. h3 g5 33. Rc6
Rd6 34. g4+ Kg6 35. Rxd6+ Bxd6 36. Kf3 h5 37. Ke4 hxg4 38. hxg4 {Normal} 1-0

[Event "Rated Blitz game"]
[Site "?"]
[Date "2021.04.29"]
[Round "?"]
[White "EisernerTiger"]
[Black "pasha1984"]
[Result "1-0"]
[WhiteElo "2357"]
[BlackElo "2422"]
[PlyCount "101"]
[EventDate "2021.??.??"]
[EventType "blitz"]

1. e4 e5 2. Nf3 d5 3. Nxe5 dxe4 4. d4 Bd6 5. Nc4 Nc6 6. Nxd6+ Qxd6 7. Nc3 Qxd4
8. Be3 Qxd1+ 9. Rxd1 Bd7 10. Nxe4 O-O-O 11. Bc4 f5 12. Ng5 Nh6 13. O-O Ne5 14.
Be6 Bxe6 15. Nxe6 Rxd1 16. Rxd1 Nhg4 17. Nxg7 Nxe3 18. fxe3 Nc4 19. Nxf5 Nxb2
20. Rd4 c5 21. Rd5 b6 22. Kf2 Na4 23. Kf3 Nc3 24. Re5 Nxa2 25. Re7 a5 26. Nd6+
Kd8 27. Rb7 Rf8+ 28. Ke4 Rf2 29. Kd5 Rxg2 30. e4 Nb4+ 31. Kc4 Rxc2+ 32. Kb5
Rxh2 33. Kxb6 Rh6 34. Kxc5 Nd3+ 35. Kd5 Nf4+ 36. Kc6 Rxd6+ 37. Kxd6 Kc8 38.
Rxh7 Nd3 39. e5 a4 40. e6 Nb2 41. e7 Nc4+ 42. Kc5 Kd7 43. Kxc4 a3 44. Kb3 a2
45. Kxa2 Ke8 46. Kb3 Kd7 47. Kc4 Ke8 48. Kd5 Kd7 49. Ke5 Ke8 50. Kf6 Kd7 51.
Rh8 {Normal} 1-0

[Event "Rated Blitz game"]
[Site "?"]
[Date "2021.04.29"]
[Round "?"]
[White "ElGFInfiltrado"]
[Black "pasha1984"]
[Result "1/2-1/2"]
[WhiteElo "2325"]
[BlackElo "2436"]
[PlyCount "135"]
[EventDate "2021.??.??"]
[EventType "blitz"]

1. e4 e5 2. Nf3 d5 3. exd5 e4 4. Qe2 Nf6 5. d3 Qxd5 6. Nbd2 Nc6 7. dxe4 Qh5 8.
Qb5 Bc5 9. Nb3 Nxe4 10. Nxc5 Qxc5 11. Qxc5 Nxc5 12. Be3 Ne6 13. O-O-O Bd7 14.
Bc4 O-O-O 15. Rhe1 Rhe8 16. Kb1 a6 17. a3 h6 18. h3 g5 19. h4 g4 20. Nd2 h5 21.
Ne4 Ne5 22. Bb3 Bc6 23. Nf6 Bxg2 24. Nxe8 Rxe8 25. Bd5 Bf3 26. Rd2 c6 27. Bb3
Bg2 28. Rg1 Be4 29. Rdd1 Nf3 30. Rgf1 f5 31. Bb6 Nxh4 32. Bxe6+ Kb8 33. Rd8+
Rxd8 34. Bxd8 Nf3 35. Kc1 h4 36. Bxh4 Nxh4 37. Rd1 Ka7 38. Rd7 Nf3 39. Rf7 Nd4
40. Bc4 Kb6 41. Bd3 Bxd3 42. cxd3 Kc5 43. Kd2 b5 44. Kc3 Kd5 45. b4 Ke5 46. Ra7
f4 47. Rxa6 g3 48. fxg3 fxg3 49. Ra7 Nf5 50. Ra8 Kf4 51. Rg8 Ne3 52. a4 bxa4
53. Kb2 Ng4 54. Ka3 g2 55. Rg5 Kxg5 56. Kxa4 Kf4 57. Ka5 g1=Q 58. b5 Qd4 59. b6
Qc5+ 60. Ka6 Qb5+ 61. Kb7 Qb4 62. Kc7 c5 63. b7 Qb5 64. Kc8 Qxb7+ 65. Kxb7 c4
66. Kc6 Ne5+ 67. Kc5 Nxd3+ 68. Kd4 {Time forfeit} 1/2-1/2

[Event "Rated Blitz tournament pPaLdu4i"]
[Site "?"]
[Date "2021.04.29"]
[Round "?"]
[White "YSA_kbpl"]
[Black "om_gendut"]
[Result "0-1"]
[WhiteElo "2350"]
[BlackElo "2460"]
[PlyCount "106"]
[EventDate "2021.??.??"]
[EventType "blitz"]

1. e4 e5 2. Nf3 d5 3. Nxe5 Bd6 4. d4 dxe4 5. Bf4 Nf6 6. Bc4 O-O 7. O-O Qe7 8.
Nc3 Nbd7 9. Nxd7 Bxd7 10. Bg5 Be6 11. Bxe6 Qxe6 12. Re1 Rfe8 13. Bxf6 Qxf6 14.
Nxe4 Bxh2+ 15. Kxh2 Qh4+ 16. Kg1 Rxe4 17. c3 Rae8 18. Rxe4 Qxe4 19. Qa4 a6 20.
Qa5 Qe7 21. Qd5 c6 22. Qb3 h6 23. Qb6 Qd7 24. Kf1 Qe7 25. a4 h5 26. Kg1 h4 27.
Qa5 Qd7 28. Qh5 Re4 29. f3 Re2 30. Qxh4 Qe8 31. Kh2 g6 32. b4 Qb8+ 33. Qg3 Qf8
34. Qh4 Qd6+ 35. Qg3 Qd5 36. Qb8+ Kg7 37. Qg3 Qh5+ 38. Qh3 Qg5 39. Qg3 Qd2 40.
Rh1 Qxc3 41. Qf4 Qe3 42. Kg3 Qxf4+ 43. Kxf4 Rb2 44. Rd1 Rxb4 45. Ke5 Rxa4 46.
f4 Rb4 47. g4 Rb5+ 48. Ke4 a5 49. f5 gxf5+ 50. gxf5 Kf6 51. Rh1 Rxf5 52. Rh6+
Kg7 53. Rxc6 bxc6 {Time forfeit} 0-1

[Event "Rated Blitz game"]
[Site "?"]
[Date "2021.04.29"]
[Round "?"]
[White "ErinYu"]
[Black "Sinrah-Tensei"]
[Result "0-1"]
[WhiteElo "2433"]
[BlackElo "2342"]
[PlyCount "54"]
[EventDate "2021.??.??"]
[EventType "blitz"]

1. e4 e5 2. Nf3 d5 3. Nxe5 Bd6 4. d4 dxe4 5. Bc4 Bxe5 6. dxe5 Qxd1+ 7. Kxd1 Nc6
8. Bf4 Bg4+ 9. Kc1 Nge7 10. h3 Bf5 11. g4 Ng6 12. Bg3 Be6 13. Bb5 Bd7 14. Bxc6
Bxc6 15. Re1 h5 16. Nc3 hxg4 17. hxg4 O-O-O 18. b3 Rd4 19. Ne2 Rd7 20. Kb2 Rd2
21. Rad1 Rxd1 22. Rxd1 Re8 23. Nd4 Nxe5 24. Bxe5 Rxe5 25. Nxc6 bxc6 26. Kc3 g6
27. Kd4 Rd5+ {Normal} 0-1

[Event "Rated Blitz game"]
[Site "?"]
[Date "2021.04.29"]
[Round "?"]
[White "Katzik"]
[Black "hkn967"]
[Result "0-1"]
[WhiteElo "2412"]
[BlackElo "2266"]
[PlyCount "64"]
[EventDate "2021.??.??"]
[EventType "blitz"]

1. e4 e5 2. Nf3 d5 3. exd5 e4 4. Qe2 Nf6 5. d3 Qxd5 6. dxe4 Qxe4 7. Bg5 Qxe2+
8. Bxe2 Nbd7 9. Nc3 Bb4 10. O-O-O Bxc3 11. bxc3 O-O 12. Nd4 Ne4 13. Be3 Nxc3
14. Rd2 Nb6 15. a3 Nbd5 16. Bc4 Nxe3 17. fxe3 Ne4 18. Re2 Bd7 19. Bd5 Nc3 20.
Bxb7 Rab8 21. Bf3 Nxe2+ 22. Nxe2 Rfe8 23. e4 Bc6 24. Ng3 f5 25. exf5 Bxf3 26.
gxf3 Re3 27. Rg1 Rxa3 28. Kd2 Rxf3 29. Nh5 Rd8+ 30. Ke2 Rxf5 31. Nxg7 Re5+ 32.
Kf3 Rf8+ {Normal} 0-1

[Event "Rated Blitz game"]
[Site "?"]
[Date "2021.04.29"]
[Round "?"]
[White "KrUeL"]
[Black "anjaya01"]
[Result "1/2-1/2"]
[WhiteElo "2400"]
[BlackElo "2373"]
[PlyCount "127"]
[EventDate "2021.??.??"]
[EventType "blitz"]

1. e4 e5 2. Nf3 d5 3. Nxe5 Bd6 4. d4 dxe4 5. Nc4 f5 6. Nc3 Nf6 7. Nxd6+ Qxd6 8.
Bc4 Be6 9. Bxe6 Qxe6 10. O-O Nbd7 11. f3 O-O-O 12. fxe4 Nxe4 13. Nxe4 Qxe4 14.
c3 g6 15. Bg5 Rde8 16. Qf3 Qxf3 17. Rxf3 Re2 18. Rf2 Rhe8 19. Raf1 Nb6 20. Rxe2
Rxe2 21. Rf2 Rxf2 22. Kxf2 Kd7 23. b3 Ke6 24. c4 c6 25. Ke3 Nc8 26. Bf4 Ne7 27.
h4 Ng8 28. Bb8 a6 29. Kf4 h6 30. Ba7 Nf6 31. Bc5 Ne4 32. Bf8 g5+ 33. hxg5 hxg5+
34. Ke3 Nf6 35. Kf3 f4 36. Bh6 Kf5 37. Bg7 g4+ 38. Ke2 Ne4 39. d5 cxd5 40. cxd5
b5 41. Kd3 f3 42. gxf3 gxf3 43. Bd4 Kf4 44. a4 bxa4 45. bxa4 Kf5 46. Ke3 f2 47.
Ke2 f1=Q+ 48. Kxf1 Nd6 49. Bc5 Ke5 50. Bxd6+ Kxd6 51. Ke2 Kxd5 52. Kd3 Kc5 53.
Kc3 a5 54. Kb3 Kd4 55. Kb2 Kc4 56. Ka3 Kc3 57. Ka2 Kb4 58. Kb2 Kxa4 59. Ka2 Kb5
60. Kb2 Kc6 61. Ka2 Kd7 62. Ka3 Ke8 63. Ka4 Kf7 64. Kxa5 {Normal} 1/2-1/2

[Event "Rated Blitz game"]
[Site "?"]
[Date "2021.04.29"]
[Round "?"]
[White "mandarria"]
[Black "Gifroy"]
[Result "0-1"]
[WhiteElo "2410"]
[BlackElo "2368"]
[PlyCount "134"]
[EventDate "2021.??.??"]
[EventType "blitz"]

1. e4 e5 2. Nf3 d5 3. exd5 e4 4. Qe2 Nf6 5. d3 Be7 6. dxe4 O-O 7. Nc3 c6 8. d6
Bxd6 9. e5 Re8 10. Bg5 Nbd7 11. O-O-O Bc7 12. Qe3 h6 13. Bh4 Bb6 14. Qf4 Nh5
15. Qg4 Ndf6 16. Qb4 c5 17. Qa3 Qc7 18. exf6 g5 19. Bg3 Qc6 20. Bb5 Qxf6 21.
Bxe8 Bf5 22. Bb5 Qg6 23. Bd3 a6 24. Bxf5 Qxf5 25. Qb3 Ba5 26. Nd5 Kg7 27. h4 g4
28. Nd2 b5 29. Qd3 Qxd3 30. cxd3 Rc8 31. Ne4 c4 32. dxc4 Rxc4+ 33. Nec3 b4 34.
b3 Rc8 35. Kc2 bxc3 36. a3 Rd8 37. b4 Nxg3 38. Nxc3 Nxh1 39. Rxd8 Bxd8 40. Nd5
Bxh4 41. Nf4 Bxf2 42. Nd3 Bg3 43. Nc5 Nf2 44. Nxa6 Ne4 45. b5 Nf6 46. Kd3 Nd5
47. Kc4 Nb6+ 48. Kc5 Bf2+ 49. Kb4 h5 50. a4 Nxa4 51. Kxa4 h4 52. Nb4 h3 53. Nd5
h2 54. Nf4 h1=Q 55. Nh5+ Kh6 56. Ng3 Qa1+ 57. Kb3 Qd4 58. Nf5+ Kg5 59. Nxd4
Bxd4 60. Kc4 Bb6 61. Kd5 f5 62. Kc6 f4 63. Kxb6 f3 64. Kc5 f2 65. b6 f1=Q 66.
b7 Qe2 67. b8=Q Qd1 {Time forfeit} 0-1

[Event "Rated Blitz game"]
[Site "?"]
[Date "2021.04.29"]
[Round "?"]
[White "Bierpower"]
[Black "KinzyabulatovRenat"]
[Result "1-0"]
[WhiteElo "2427"]
[BlackElo "2357"]
[PlyCount "57"]
[EventDate "2021.??.??"]
[EventType "blitz"]

1. e4 e5 2. Nf3 d5 3. d4 dxe4 4. Nxe5 Bd6 5. Nc4 Nf6 6. Be2 O-O 7. O-O Nc6 8.
Bg5 Nxd4 9. Nc3 Re8 10. Nxd6 Qxd6 11. Bc4 h6 12. Bxf6 Qxf6 13. Nd5 Qe5 14. c3
Nf5 15. Ne3 Nxe3 16. fxe3 Be6 17. Qb3 Qc5 18. Bxe6 Qxe3+ 19. Kh1 Rxe6 20. Qxb7
Rae8 21. Qxc7 R6e7 22. Qc4 Qd2 23. b4 e3 24. Rfe1 Re4 25. Qe2 Qxc3 26. b5 Rb4
27. a4 Rb2 28. Qf3 e2 29. Qxc3 {Normal} 1-0

[Event "Rated Blitz game"]
[Site "?"]
[Date "2021.04.29"]
[Round "?"]
[White "liczner"]
[Black "Kaldas90"]
[Result "1-0"]
[WhiteElo "2689"]
[BlackElo "2657"]
[PlyCount "143"]
[EventDate "2021.??.??"]
[EventType "blitz"]

1. e4 e5 2. Nf3 d5 3. exd5 Bd6 4. d4 e4 5. Ne5 Nf6 6. c4 O-O 7. Nc3 c5 8. dxc6
Nxc6 9. Nxc6 bxc6 10. Be2 Re8 11. Bg5 h6 12. Bh4 e3 13. O-O g5 14. Bg3 Bxg3 15.
fxg3 Rb8 16. b3 Ne4 17. Nxe4 Rxe4 18. Qd3 Qxd4 19. Rad1 Qxd3 20. Rxd3 Bb7 21.
Bf3 Re7 22. Re1 Rbe8 23. Rd6 Kg7 24. g4 Bc8 25. Bxc6 Rf8 26. Bf3 f5 27. gxf5
Bxf5 28. h3 Bg6 29. c5 h5 30. c6 Rff7 31. b4 Rf4 32. Rd7 Kf6 33. Rxe7 Kxe7 34.
Rxe3+ Kd6 35. Rc3 Kc7 36. a3 g4 37. hxg4 hxg4 38. Be2 Re4 39. Kf2 Re6 40. b5
Rf6+ 41. Kg3 Bf5 42. Bxg4 Rg6 43. Rc4 Bd3 44. Rb4 Rg5 45. a4 Be2 46. Kh4 a5 47.
Rd4 Rg7 48. Bxe2 Rh7+ 49. Kg3 Kb6 50. Bg4 Rh6 51. Rd7 Rh8 52. Rb7+ Kc5 53. c7
Kb4 54. c8=Q Rxc8 55. Bxc8 Kxa4 56. b6 Kb5 57. Bd7+ Ka6 58. Rb8 a4 59. Bc6 a3
60. b7 Ka7 61. Ra8+ Kb6 62. Ra4 Kc5 63. Rxa3 Kd6 64. Rb3 Kc5 65. b8=Q Kd4 66.
Qb7 Kc5 67. Qb6+ Kd6 68. Qb5 Kc7 69. Qb4 Kc8 70. Qc4 Kc7 71. Rd3 Kb6 72. Qc3 {
Time forfeit} 1-0

[Event "Rated Blitz game"]
[Site "?"]
[Date "2021.04.29"]
[Round "?"]
[White "xadrezsoccer21"]
[Black "batasjon"]
[Result "1-0"]
[WhiteElo "2422"]
[BlackElo "2374"]
[PlyCount "37"]
[EventDate "2021.??.??"]
[EventType "blitz"]

1. e4 e5 2. Nf3 d5 3. Nxe5 Bd6 4. d4 dxe4 5. Nc4 Nf6 6. Nc3 O-O 7. Be2 Be7 8.
O-O Nc6 9. Be3 Nb4 10. f3 Nbd5 11. fxe4 Nxc3 12. bxc3 Nxe4 13. Bd3 Nxc3 14. Qh5
g6 15. Qh6 Nd5 16. Bd2 Bf6 17. c3 Bg7 18. Qg5 Nxc3 19. Qxd8 {Normal} 1-0

[Event "Rated Blitz game"]
[Site "?"]
[Date "2021.04.29"]
[Round "?"]
[White "Dubov1bliz"]
[Black "Jomajo"]
[Result "0-1"]
[WhiteElo "2529"]
[BlackElo "2661"]
[PlyCount "40"]
[EventDate "2021.??.??"]
[EventType "blitz"]

1. e4 e5 2. Nf3 d5 3. Nxe5 Bd6 4. d4 dxe4 5. Nc4 Nf6 6. Nxd6+ Qxd6 7. Nc3 Nc6
8. Be3 O-O 9. Be2 Ne7 10. Qd2 Ned5 11. Nxd5 Nxd5 12. O-O-O f5 13. Bc4 Be6 14.
Kb1 b5 15. Bxd5 Qxd5 16. b3 a5 17. Qc3 a4 18. Qxc7 axb3 19. cxb3 Rxa2 20. Qc3
Ra3 {Normal} 0-1

[Event "Rated Blitz game"]
[Site "?"]
[Date "2021.04.29"]
[Round "?"]
[White "Kikbotoski"]
[Black "KamranShirazi"]
[Result "0-1"]
[WhiteElo "2349"]
[BlackElo "2518"]
[PlyCount "54"]
[EventDate "2021.??.??"]
[EventType "blitz"]

1. e4 e5 2. Nf3 d5 3. exd5 e4 4. Nd4 Qxd5 5. Nb3 Bd6 6. Nc3 Qe5 7. Qe2 Bf5 8.
d4 exd3 9. cxd3 Nc6 10. Be3 O-O-O 11. O-O-O Nb4 12. a3 Nxd3+ 13. Rxd3 Bxd3 14.
Qxd3 Bxa3 15. Qc2 Bb4 16. Be2 a6 17. Bf3 Nf6 18. Re1 Rhe8 19. Kb1 g5 20. h3 h5
21. g4 hxg4 22. hxg4 Qe6 23. Bd2 Qd7 24. Rxe8 Rxe8 25. Bxg5 Nxg4 26. Nd5 Re1+
27. Ka2 Qa4# {Normal} 0-1

[Event "Rated Blitz game"]
[Site "?"]
[Date "2021.04.29"]
[Round "?"]
[White "sack11"]
[Black "annaly1979"]
[Result "0-1"]
[WhiteElo "2491"]
[BlackElo "2457"]
[PlyCount "116"]
[EventDate "2021.??.??"]
[EventType "blitz"]

1. e4 e5 2. Nf3 d5 3. exd5 e4 4. Ne5 Bd6 5. d4 Nf6 6. c4 b6 7. Nc3 h6 8. Be2
O-O 9. Bf4 Bf5 10. g4 Bh7 11. h4 Nfd7 12. g5 f6 13. Nc6 Nxc6 14. Bxd6 cxd6 15.
dxc6 Nb8 16. gxh6 Nxc6 17. Rg1 Rf7 18. Rxg7+ Rxg7 19. hxg7 f5 20. Qd2 Qxh4 21.
O-O-O f4 22. Nd5 f3 23. Bf1 Kxg7 24. Nf4 Bg8 25. Qe3 Rf8 26. Nh3 d5 27. Ng5 Qf4
28. Bh3 Qxe3+ 29. fxe3 Kh6 30. Ne6 Bxe6 31. Bxe6 dxc4 32. Bxc4 f2 33. Rf1 Kg5
34. Kd2 Kh4 35. Bd5 Nb4 36. Bxe4 Kg3 37. a3 Na6 38. Ke2 Nc7 39. Bc6 Ne6 40. d5
Ng5 41. d6 Ne6 42. d7 Nd8 43. Bd5 a5 44. e4 b5 45. b4 axb4 46. axb4 Rf6 47. e5
Rf5 48. e6 Re5+ 49. Kd3 Rxd5+ 50. Ke4 Rd6 51. e7 Re6+ 52. Kd5 Rxe7 53. Rxf2
Kxf2 54. Kc5 Rxd7 55. Kxb5 Ke3 56. Kc4 Ke4 57. Kb3 Kd4 58. b5 Kc5 {Time forfeit
} 0-1